000 00322 a2200121 4500
001 146721
040 _cEscola São Tomás de Aquino
100 _aMACHADO, Ana Maria
240 1 0 _aOdisseu e a vingança do deus do mar
_lpor
245 1 0 _aOdisseu e a vingança do deus do mar
697 _a*LITERATURA INFANTO
942 _cBK
999 _c146721
_d146721